ACA ethical standard casebook / (Record no. 1172)

MARC details
000 -LEADER
fixed length control field 00921nam a22002537a 4500
003 - CONTROL NUMBER IDENTIFIER
control field OSt
005 - DATE AND TIME OF LATEST TRANSACTION
control field 20250813060637.0
008 - FIXED-LENGTH DATA ELEMENTS--GENERAL INFORMATION
fixed length control field 240624b |||||||| |||| 00| 0 eng d
020 ## - INTERNATIONAL STANDARD BOOK NUMBER
International Standard Book Number 9781556203213
040 ## - CATALOGING SOURCE
Original cataloging agency DWCL- Main Lib.
Transcribing agency OC
082 ## - DEWEY DECIMAL CLASSIFICATION NUMBER
Classification number Circ. 174.945 H549a 2015
006 - FIXED-LENGTH DATA ELEMENTS--ADDITIONAL MATERIAL CHARACTERISTICS
fixed length control field a
100 ## - MAIN ENTRY--PERSONAL NAME
Personal name Herlihy, Barbara
245 ## - TITLE STATEMENT
Title ACA ethical standard casebook /
Remainder of title Barbara Herlihy & Gerlad Corey
250 ## - EDITION STATEMENT
Edition statement Seventh edition
260 ## - PUBLICATION, DISTRIBUTION, ETC.
Place of publication, distribution, etc. Stevenson Avenue Suite :
Name of publisher, distributor, etc. American Counseling Association,
Date of publication, distribution, etc. c2015.
300 ## - PHYSICAL DESCRIPTION
Extent xviii, 371 pages :
Other physical details illustrations ;
Dimensions 24cm.
504 ## - BIBLIOGRAPHY, ETC. NOTE
Bibliography, etc. note Includes bibliographical references.
650 ## - SUBJECT ADDED ENTRY--TOPICAL TERM
Topical term or geographic name entry element 1. American Counseling Association
650 ## - SUBJECT ADDED ENTRY--TOPICAL TERM
Topical term or geographic name entry element 2. Counseling standards --- United States --- Practice Guidelines.
650 ## - SUBJECT ADDED ENTRY--TOPICAL TERM
Topical term or geographic name entry element 3. Ethical Professional --- United States --- Practice guidelines.
700 ## - ADDED ENTRY--PERSONAL NAME
Personal name Corey, Gerlad
942 ## - ADDED ENTRY ELEMENTS (KOHA)
Source of classification or shelving scheme Dewey Decimal Classification
Koha item type Book Circulation
Call number prefix Circ.
Suppress in OPAC No
Edition Seventh edition
Holdings
Withdrawn status Lost status Source of classification or shelving scheme Damaged status Not for loan Home library Current library Shelving location Date acquired Source of acquisition Cost, normal purchase price Total Checkouts Full call number Barcode Date last seen Copy number Price effective from Koha item type Uniform Resource Identifier
    Dewey Decimal Classification     College Library College Library Circulation 10/17/2023 Donation 0.00   Circ. 174.945 H549a 2015 CL53986 06/24/2024 c1 06/24/2024 Book Circulation